Bài tập nguyên lý máy

Sách gồm 12 chương, trong đó 11 chương là bài tập cần thiết có trong giáo trình và một chương ôn tập tổng hợp, trình bày dưới dạng 86 bài tập có lời giải sẵn và 170 bài tập chỉ cho đáp số

Saved in:
Bibliographic Details
Main Author: Tạ, Ngọc Hải
Format: Book
Language:Undetermined
Published: Hà Nội Khoa học kỹ thuật 2013
Subjects:
Tags: Add Tag
No Tags, Be the first to tag this record!
Institutions: Trung tâm Học liệu Trường Đại học Cần Thơ
LEADER 00870nam a2200205Ia 4500
001 CTU_196738
008 210402s9999 xx 000 0 und d
020 |c 87000 
082 |a 621.8076 
082 |b H103 
100 |a Tạ, Ngọc Hải 
245 0 |a Bài tập nguyên lý máy 
245 0 |c Tạ Ngọc Hải 
260 |a Hà Nội 
260 |b Khoa học kỹ thuật 
260 |c 2013 
520 |a Sách gồm 12 chương, trong đó 11 chương là bài tập cần thiết có trong giáo trình và một chương ôn tập tổng hợp, trình bày dưới dạng 86 bài tập có lời giải sẵn và 170 bài tập chỉ cho đáp số 
650 |a Machine design,Thiết kế chi tiết máy 
904 |i Nguyên 
980 |a Trung tâm Học liệu Trường Đại học Cần Thơ